Ley Nº 19-01 Que instituye el defensor del pueblo / Fundación institucionalidad y justicia. (Registro nro. 1650)

Detalles MARC
000 -LEADER
fixed length control field 00520nam a22001811a 4500
001 - CONTROL NUMBER
control field 1650
003 - CONTROL NUMBER IDENTIFIER
control field OSt
005 - DATE AND TIME OF LATEST TRANSACTION
control field 20260204211742.0
008 - FIXED-LENGTH DATA ELEMENTS--GENERAL INFORMATION
fixed length control field 040120s2003||||dr ||||||b||||||||||spa||
050 ## - LIBRARY OF CONGRESS CALL NUMBER
Classification number RD 350.91 R299l
082 ## - DEWEY DECIMAL CLASSIFICATION NUMBER
Classification number RD 350.91 R299l
111 ## - ASIENTO PRINCIPAL -- NOMBRE DE LA REUNIÓN
Meeting name or jurisdiction name as entry element República Dominicana.
245 ## - TÍTULO PROPIAMENTE DICHO: SUBTÍTULO
Title Ley Nº 19-01 Que instituye el defensor del pueblo / Fundación institucionalidad y justicia.
264 ## - PRODUCTION, PUBLICATION, DISTRIBUTION, MANUFACTURE, AND COPYRIGHT NOTICE
Place of production, publication, distribution, manufacture Santo Domingo : Finjus
300 ## - PHYSICAL DESCRIPTION
Extensión 24 p.
650 ## - ASIENTO SECUNDARIO DE MATERIA -- TERMINO TEMÁTICO
Termino Temático Como Elemento de Entrada 1.Defensor Público. 2.Ley Nº19-01Ì
942 ## - ADDED ENTRY ELEMENTS (KOHA)
Source of classification or shelving scheme Dewey Decimal Classification
Koha item type Libros
Existencias
Withdrawn status Lost status Source of classification or shelving scheme Damaged status Not for loan Current library Date acquired Full call number Barcode Date last seen Price effective from Koha item type
    Dewey Decimal Classification Dañado   Biblioteca UTECO 09/09/2019 RD 350.91 R299L 005765 09/09/2019 09/09/2019 Libros
© 2021 Derechos Reservados UTECO - Teléfono: +1 809-585-2291 - Correo electrónico: biblioteca@uteco.edu.do​  
Código postal 43000 ​​
Dirección: Avenida Universitaria No. 100, 
Cotuí, Provincia Sánchez Ramírez, República Dominicana - RNC: 404-00059-6